000 01172nam a2200241Ia 4500
999 _c5165
_d5165
003 OSt
005 20200407220240.0
008 191128s9999 ck gr 000 0dspa d
020 _a9588235197
040 _aCO-JMCR
_cCO-JMCR
041 0 _aspa
082 0 4 _a323.04 /
_bL662e
_221
100 1 _aLópez Obregón, Clara Eugenia,
_eautora
_92736
245 1 0 _aEconomía de los derechos /
_cClara Eugenia López Obregón
260 _aBogotá :
_bUniversidad Externado de Colombia,
_c2009
300 _a241 páginas ;
_c24 cm.
500 _aIncluye biografiá de la autroa en solapa frontal.
505 0 _aLa corte constitucional: usurpadora o garantista -- Cómo hacer exigibles los derechos sociales fundamentales -- Garantía de un ingreso complementario mínimo: el caso de Venezuela -- Justicia impositiva -- Teoría del déficit fiscal
520 _a"Atrevidamente, me permito asegurar que si bien las tesis planteadas por la autora son de por si valiosas y originales, es igualmente valiosa la perspectiva epistemológica desde la cual se aborda el texto,
650 1 4 _aEconomía y derecho
_xderechos
_92737
650 1 4 _aControl fiscal
_92738
942 _2ddc
_cBK